| 000 | 00842nam0a22002651 4500 | ||
|---|---|---|---|
| 001 | rc\3141183 | ||
| 005 | 20250530082847.0 | ||
| 021 |
_aRU _b[76-8312] |
||
| 035 | _a(NLR Aleph) 007318541 | ||
| 090 |
_a5885056 _c5885056 |
||
| 100 | _a20120615d1975 |||y0rusy50 ca | ||
| 101 | 0 | _arus | |
| 102 | _aRU | ||
| 105 | _aa z ||||| | ||
| 200 | 1 |
_aТуберкулез сельскохозяйственных птиц _fТузова Р.В., д-р вет. наук, проф. |
|
| 210 |
_aМинск _cУраджай _d1975 |
||
| 215 |
_a207 с. _cил. _d21 |
||
| 320 | _aСписок лит.: с. 201-206 | ||
| 606 |
_aТуберкулез птиц _2psbo |
||
| 700 | 1 |
_aТузова _bР.В. _gРаиса Владимировна |
|
| 801 | 0 |
_aRU _bNLR _gpsbo |
|
| 801 | 1 |
_aRU _bELAR _2rusmarc |
|
| 852 |
_aNLR _j76-3/3106 |
||
| 942 | _cBOOK | ||
| 980 | _aNB | ||